00682nam a2200181 i 450000100060000000300090000600500170001500700030003200800410003508000250007611000830010124501280018426000320031230000220034461000770036665000230044385200340046617171ES-MaACL20251114122022.0t|010111s1960 fr ||||1| spa d a331.105.44(460)(063)2 aConfederación Nacional del Trabajo (España). bCongreso (d1960.cLimoges)10aMemorias del Congreso Internacional de Federaciones Locales de la C.N.T. de España en el Exilio b: Limoges, agosto 1960. aLimoges : bC.N.T., c1960. a154 p. ; c21 cm.27aConfederación Nacional del Trabajo (España)-vCongresos y asambleas. 4aAnarcosindicalismo aES-MaACLj2161-F-9 bR.126929